Capitales contenant la lettre K - Statistiques

Statistiques générales
  • Ce quiz a été pris 672 fois
    320 depuis la dernière actualisation
  • Le résultat moyen est 23 sur 34
Statistiques - réponses
Afrique % Correct
Kiev
87%
Reykjavik
82%
Khartoum
81%
Kingston
80%
Kingstown
80%
Koweït
79%
Kigali
77%
Katmandou
76%
Kuala Lumpur
76%
Minsk
76%
Tokyo
76%
Kinshasa
74%
Helsinki
73%
Kampala
73%
Stockholm
72%
Bangkok
71%
Skopje
71%
Bakou
69%
Pékin
69%
Ankara
68%
Bichkek
68%
Kaboul
68%
Dakar
65%
Tachkent
65%
Bamako
60%
Nouakchott
59%
Conakry
57%
Palikir
55%
Lusaka
54%
Yamoussoukro
52%
Windhoek
51%
Nuku'alofa
50%
Sri Jayawardenapura Kotte
46%
Melekeok
26%
Aucun quiz correspondant
Distribution des résultats
% des personnes avec chaque résultat
Percentile par nombre de réponses
Votre historique - résultats
Vous n’avez pas pris ce quiz depuis la dernière actualisation